Responses for Show #7931 - Monday, February 18, 2019

Contestants

[<< previous game]

Doug Wilham, a high school athletic director from Louisville, Kentucky

Rachel Fabi, a professor of public health and bioethics from Syracuse, New York

Amanda Holm, a project manager from Livonia, Michigan (whose 1-day cash winnings total $13,200)

[next game >>]

Jeopardy! Round responses

TELL ALLS
LANGUAGES
SAVING THE ANIMALS
THE BILL OF RIGHTS
(Alex: Ours.)
VOCABULARY
DEPRESSION-ERA DINING
    $200 20
Eric Clapton

Doug
    $200 6
Africa

Doug
    $200 12
Puerto Rico

Rachel
    $200 17
the First Amendment

Rachel
    $200 1
a flag

Rachel
    $200 7
ketchup

Doug
    $400 21
Princess Diana

Amanda
    $400 27
(Doug: What is Cantonese?)

Mandarin

RachelDoug
    $400 13
neonatal care

Triple Stumper
    $400 18
a militia

Doug
    $400 2
(Doug: What is a fork?)
(Rachel: What is a spork?)

spoon

AmandaRachelDoug
    $400 8
vinegar

Rachel
    $600 25
(Alex: Less than a minute now.)

(Rob) Lowe

Amanda
    $600 28
Flemish

Triple Stumper
    $600 14
the Humane Organization

Triple Stumper
    $600 19
(Doug: What is proper cause?)

probable cause

AmandaDoug
    $600 3
reveille

Doug
    $600 9
macaroni and cheese

Doug
    $800 22
Omarosa

Rachel
    $800 29
[The end-of-round signal sounds.]

Korean

Amanda
    $800 15
(Lisa) Vanderpump

Rachel
    $2,000 23
the Fifth Amendment

Rachel
    $800 4
a magnum opus

Amanda
    $800 10
a hobo

Rachel
    $1000 26
Mommie Dearest

Amanda
    $1000 16
shelters

Rachel
    $1000 24
speedy

Triple Stumper
    $1000 5
chintzy

Amanda
    $1000 11
dandelions

Amanda

Scores at the first commercial break (after clue 15):

Amanda Rachel Doug
$3,200 $2,000 $1,200

Scores at the end of the Jeopardy! Round:

Amanda Rachel Doug
$6,600 $6,400 $800

Double Jeopardy! Round responses

ALL TELS
TEXTBOOKS
STILL I RISE
NAME THE VENUE
ANTEBELLUM
USE YOUR B,R,A,I,N POWER
(Alex: Each correct response will contain all of those letters in the word "brain".)
    $400 16
Tel Aviv

Amanda
    $400 1
artifical intelligence

Doug
    $400 6
pectorals

Doug
    $400 26
Carnegie Hall

Doug
    $400 21
the Vietnam War

Doug
    $400 13
a rainbow

Doug
    $800 17
the Suez Canal

Amanda
    $800 2
the Norton anthology

Triple Stumper
    $800 7
gluten

Doug
    $800 27
(Rachel: What is the Kodak Theater?)

Grauman's Chinese Theatre

RachelDoug
    $800 22
gas masks

Doug
    $800 14
a lubricant

Amanda
    $1200 18
Iraq

Amanda
    $1,200 3
Henry Kissinger

Doug
    $1200 8
healthy, wealthy and wise

Rachel
    $1200 28
the Ryman

Rachel
    $1200 23
(Alex: People keep saying, "Remember [*]." We obviously forgot it.)

the Maine

Triple Stumper
    $1200 11
baritone

Doug
    $1600 19
(Rachel: What is the West Bank?)

the Gaza Strip

Rachel
Triple Stumper
    $1600 4
William James

Doug
    $1600 9
a lyre

Triple Stumper
    $1600 29
the Desert Inn

Triple Stumper
    $1600 24
(Doug: What are the Peloponnesian Wars?)

the Punic Wars

Doug
Triple Stumper
    $1600 12
riboflavin

Amanda
    $2000 20
Lebanon

Triple Stumper
    $2000 5
macroeconomics and microeconomics

Amanda
    $2000 10
(Amanda: What are choppers?)

rotorcraft

Amanda
Triple Stumper
    $2000 30
Ford's Theater

Amanda
    $1,600 25
(Alex: With less than a minute to go.)

the Wars of the Roses

Doug
    $2000 15
observation

Rachel

Scores at the end of the Double Jeopardy! Round:

Amanda Rachel Doug
$13,400 $8,400 $9,200

[wagering suggestions for these scores]

Final Jeopardy! Round responses

BRITISH AUTHORS
RachelWho is Asimov?
$0
DougWho is Verne
$7,601
AmandaWho is Clarke?
$5,001
H.G. Wells

Final scores:

Amanda Rachel Doug
$8,399 $8,400 $1,599
2nd place: $2,000 New champion: $8,400 3rd place: $1,000

Game dynamics:

Coryat scores:

Amanda Rachel Doug
$13,400 $7,200 $9,600
16 R,
1 W
13 R
(including 1 DD),
3 W
18 R
(including 2 DDs),
4 W

Combined Coryat: $30,200

[game clues] [game scores] [suggest correction]

Game tape date: 2019-01-16
The J! Archive is created by fans, for fans. Scraping, republication, monetization, and malicious use prohibited; this site may use cookies and collect identifying information. See terms. The Jeopardy! game show and all elements thereof, including but not limited to copyright and trademark thereto, are the property of Jeopardy Productions, Inc. and are protected under law. This website is not affiliated with, sponsored by, or operated by Jeopardy Productions, Inc. Join the discussion at JBoard.tv.